| 000 | 01002cam a22002411a 4500 | ||
|---|---|---|---|
| 003 | OSt | ||
| 005 | 20150408113823.0 | ||
| 008 | 050310s1997 le g 000 0 ara c | ||
| 020 | _a9773002012 | ||
| 040 |
_aMU _bARA _cMB |
||
| 050 | 1 | 4 |
_aBP131.5 _b.Q27 1997 |
| 082 | 0 | 4 |
_a228.1 _221 |
| 100 | 1 |
_aمكي بن حموش، مكي بن أبي طالب حموش بن محمد، _d355-437 هـ _95164 |
|
| 245 | 1 | 0 |
_a الكشف عن وجوه القراءات السبع وعللها وحججها / _cبو محمد مكي بن أبي طالب حموش القيسي ؛ تحقيق عبد الرحيم الطرهوني. |
| 246 | 3 | 0 | _aالكشف عن وجوه القراءات السبع وعللها وحججها |
| 250 | _aط. 1. | ||
| 260 |
_aالقاهرة _bدار الحديث _c2007 |
||
| 300 |
_a2 ج. _c24 سم |
||
| 630 | 2 | 7 |
_aالقرآن _xالقراءات السبع _2aucut _9555 |
| 700 | 1 |
_aالطرهوني، عبد الرحيم _eمحقق. _95165 |
|
| 730 | 2 | _aالقرآن | |
| 942 |
_2ddc _cBOOK |
||
| 999 |
_c7505 _d242005 |
||